Sociology for nurses. (Record no. 10485)

MARC details
000 -LEADER
fixed length control field 00414nam a22001577a 4500
005 - DATE AND TIME OF LATEST TRANSACTION
control field 20260306043843.0
008 - FIXED-LENGTH DATA ELEMENTS--GENERAL INFORMATION
fixed length control field 240806b |||||||| |||| 00| 0 eng d
020 ## - INTERNATIONAL STANDARD BOOK NUMBER
International Standard Book Number 9781509505418
082 ## - DEWEY DECIMAL CLASSIFICATION NUMBER
Classification number 610.73 DEN
100 ## - MAIN ENTRY--PERSONAL NAME
Personal name Denny, Elaine. (Ed.)
245 ## - TITLE STATEMENT
Title Sociology for nurses.
250 ## - EDITION STATEMENT
Edition statement 3rd ed.
260 ## - PUBLICATION, DISTRIBUTION, ETC.
Place of publication, distribution, etc. London :
Name of publisher, distributor, etc. Polity Press,
Date of publication, distribution, etc. 2016.
300 ## - PHYSICAL DESCRIPTION
Extent xv, 360 p. :
Dimensions 26 Cm.
Other physical details ill. ;
942 ## - Added entry Elements (Koha)
Source of classification or shelving scheme Dewey Decimal Classification
Koha item type Main
Holdings
Withdrawn status Lost status Source of classification or shelving scheme Damaged status Not for loan Collection code Home library Current library Shelving location Date acquired Inventory number Total Checkouts Full call number Barcode Date last seen Price effective from Koha item type Date last checked out
    Dewey Decimal Classification     Main TEST RTC Library RTC Library Main opac 13/08/2025 19783   610.73 DEN 30021001 13/08/2025 13/08/2025 Main  
    Dewey Decimal Classification     Main TEST RTC Library RTC Library Main opac 13/08/2025 19784 1 610.73 DEN 30021002 03/09/2025 13/08/2025 Main 03/09/2025
    Dewey Decimal Classification     Main TEST RTC Library RTC Library Main opac 13/08/2025 19785 1 610.73 DEN 30021003 03/09/2025 13/08/2025 Main 03/09/2025
Royal Thimphu College || All Right Reserved